000 01171cam a2200349 a 4500
999 _c7964
_d7964
001 7964
003 BD-JhCC
005 20181001175344.0
008 830328s1982 caua b 000 0 eng
020 _a0803918194
020 _a0803918208 (pbk.)
035 _a(BD-JhCC)7964
040 _aDLC
_cDLC
_dDLC
_dOCoLC
_dDLC
041 _aeng
050 0 0 _aHV40
_b.L54 1982
060 _aW1 SO1322 v. 5
_aW 84.1 C756
082 0 0 _a362.1
_219
_bLIN 1982
245 0 0 _aLinking health care and social services :
_binternational perspectives /
_ceditors, Merl C. Hokenstad, Jr. and Roger A. Ritvo ; foreword by Patricia Roberts Harris.
260 _aBeverly Hills :
_bSage Publications,
_cc1982.
300 _a304 p. :
_bill. ;
_c23 cm.
440 0 _aSocial service delivery systems ;
_vv. 5
504 _aIncludes bibliographies.
650 0 _aSocial service.
650 0 _aPublic health.
650 2 _aDelivery of health care.
650 2 _aSocial work.
700 1 _aHokenstad, Merl C.
700 1 _aRitvo, Roger A.,
_d1944-
856 4 2 _3Publisher description
_uhttp://www.loc.gov/catdir/enhancements/fy0660/82000705-d.html
942 _2ddc
_cBK